LEADER 00987nam a2200265 a 4500 001 000000135992 003 CaOOAMICUS 005 20131024113756.0 008 131024s1972 it u000 u ita r 040 $aPUL$bita 041 1 $aita$heng 100 1 $aJames, Henry,$d1843-1916.$0(OLS)http://pul/name/80271 245 10$aRitratto di signora /$cHenry James. 260 $aFirenze :$bLucio Pugliese,$c1972. 300 $aXV, 574 p. ;$c21 cm 490 1 $aGrandi capolavori della letteratura straniera 504 $aBibliografia in nota. 830 0$aGrandi capolavori della letteratura straniera.$0(OLS)http://pul/title/171962 850 $aPUL 852 $aPUL$W1$xDP1 Fondo E. Rossi$y115$m2 B 51$j115542$qFondi$B156160$CPULBib$Z2$F156160 $82 941 1 $a1 961 $aSul dorso collocazione ms. di E. Rossi: II 46 996 $6245$aRitratto di signora$9(OLS)http://pul/title/171963 996 $6260$aFirenze :$bLucio Pugliese$9(OLS)http://pul/publisher/82525 LEADER 01119nam a2200265 a 4500 001 000000120120 003 CaOOAMICUS 005 20100218113541.0 008 100218t2009 it c u000 u ita r 020 $a978-88-8483-973-2 040 $aPUL$bita$dReb 100 1 $aKonrad, Michael,$csac.,$d1966-$0(OLS)http://pul/name/38767 245 10$aAmore e amicizia: un percorso attraverso la storia dell'etica /$cMichael Konrad. 260 $aMilano ; Udine :$bMimesis,$cİ2009. 300 $a128 p. ;$c21 cm. 490 1 $aFilosofie 504 $aBibliografia in nota 650 4$aEtica e filosofia.$0(OLS)http://pul/subject/23761 830 0$aFilosofie (Mimesis).$0(OLS)http://pul/title/142788 850 $aPUL 852 $aPUL$W1$xSL Religione 3$y85$m241 KONMI 1$j137749$qDDC 21$q $B136886$CPULBib$Z2$F136886 $H112767 $81 941 1 $a9 996 $6020$a978-88-8483-973-2$9(OLS)http://pul/number/143344 996 $6245$aAmore e amicizia: un percorso attraverso la storia dell'etica$9(OLS)http://pul/title/151098 996 $6260$aMilano ; Udine :$bMimesis$9(OLS)http://pul/publisher/81060